000 00331nab a22001097u 4500
008 130520b1982 xxu||||| |||| 00| 0 spa d
041 _aspa
100 1 _aRoberts, D.
_967230
245 0 0 _aUna respuesta activa al racismo: la teología negra
_cD. Roberts
773 0 _tConcilium
_gV.1,1982,págs.61-74
_x0210-1041
_wRev134
942 _cAR
999 _c354830
_d354830